MARC

LEADER 00000nam0a2200000 4500
001 53035
005 20251229164933.0
035 |a (RuTPU)RU\TPU\book\55614 
035 |a RU\TPU\book\48079 
090 |a 53035 
100 |a 20030610d1977 m y0rusy50 ca 
101 0 |a rus 
102 |a RU 
105 |a a j 001zy 
200 1 |a Общая и историческая геология   |e учебное пособие  |f Ю. М. Васильев, В. С. Мильничук, М. С. Арабаджи 
210 |a Москва  |c Недра  |d 1977 
215 |a 472 с.  |c ил. 
320 |a Библиогр.: с. 468 
453 1 |0 (RuTPU)RU\TPU\retro\23301  |t Общая и историческая геология   |l General and historical geology  |o [учебное пособие]  |f Ю. М. Васильев, В. С. Мильничук, М. С. Арабаджи  |c Москва  |n Мир  |d 1981  |p 381 с.  |a Васильев, Юрий Михайлович 
606 |a Геология общая  |9 89097 
606 1 |a Геология историческая  |2 stltpush  |3 (RuTPU)RU\TPU\subj\6118  |9 34076 
610 1 |a СССР 
610 1 |a Земля 
610 1 |a происхождение 
610 1 |a внешняя динамика 
610 1 |a внутренняя динамика 
610 1 |a палеонтология 
610 1 |a геологическая история 
610 1 |a тектоническая районирование 
610 1 |a полезные ископаемые 
610 1 |a учебники 
675 |a 55  |v 3 
675 |a 551.7  |v 3 
700 1 |a Васильев  |b Ю. М.  |g Юрий Михайлович 
701 1 |a Мильничук  |b В. С.  |g Виктор Степанович 
701 1 |a Арабаджи  |b М. С.  |g Михаил Степанович 
801 1 |a RU  |b 63413507  |c 20021223  |g PSBO 
801 2 |a RU  |b 63413507  |c 20220126  |g PSBO 
942 |c BK